|
|
|
|
| LEADER |
00000nam a22000007a 4500 |
| 005 |
20131009163359.0 |
| 007 |
cr|||| |||| |
| 008 |
131009s2008 co |||||s|||| 00||0 spa d |
| 020 |
|
|
|a 978-958-8371-29-0
|
| 035 |
|
|
|a 11530
|
| 040 |
|
|
|a vLex
|
| 090 |
|
|
|c 4522
|d 4522
|
| 100 |
1 |
|
|a Parra Ortiz, Harold Ferney
|
| 245 |
1 |
0 |
|a Cartilla impuestos de industria, comercio y avisos ICA Neiva. Predial unificado
|h [Recurso electrn̤ico] /
|c Harold Ferney Parra Ortiz
|
| 256 |
|
|
|a Servicio en ln̕ea
|
| 260 |
|
|
|a Bogot:̀
|b Editorial Nueva Legislacin̤,
|c 2008
|
| 300 |
|
|
|a 1 recurso electrn̤ico
|
| 506 |
1 |
|
|a Contenido solo disponible en los productos indicados
|d vLex Global
|d vLex Global (Academic Edition, excluding Law Schools)
|d vLex Global (U.S. Academic Edition, Law Schools)
|d vLex Global (U.S. Academic Edition, excluding Law Schools)
|d vLex Global (Academic Edition, Law Schools)
|
| 650 |
0 |
4 |
|a Impuestos
|z Colombia
|
| 740 |
0 |
|
|a vLex Libros (Servicio en ln̕ea)
|
| 856 |
4 |
0 |
|u http://vlex.com/source/cartilla-impuestos-industria-comercio-y-avisos-ica-neiva-predial-unificado-11530
|z Acceso restringido
|
| 942 |
|
|
|c BOOK
|
| 999 |
0 |
|
|a Taxation
|